Χώρες Μεγαλύτερες από τους Γείτονες τους - Statistics

General Stats
  • This quiz has been taken 40 times
  • The average score is 8 of 14
Answer Stats
# Συνόρων Χώρα % Correct
14 Ρωσία
97%
10 Βραζιλία
91%
7 Σαουδική Αραβία
82%
6 Αλγερία
70%
7 Ιράν
64%
1 Καναδάς
61%
9 Λαϊκή Δημοκρατία του Κονγκό
61%
1 Ηνωμένο Βασίλειο
55%
3 Ινδονησία
52%
6 Νότια Αφρική
52%
7 Σουδάν
42%
2 Σουηδία
42%
1 Δομινικανή Δημοκρατία
15%
2 Νικαράγουα
15%
No matching quizzes found
Score Distribution
Percent of People with Each Score
Percentile by Number Answered
Your Score History
You have not taken this quiz